La correlación funcional y el stare decisis como alternativas para legitimidad del control constitucional en democracias disfuncionales /

Por dificultad contra mayoritaria se entiende el problema que suscita que en un sistema democrático las leyes, como decisiones tomadas por el Congreso y respaldadas por las mayorías. puedan ser declaradas enexequibles por el Tribunal Constitucional, siendo esta una minoria no electa, en ejercicio de...

Full description

Bibliographic Details
Main Author: Collazos Velasco, María Dolores
Format: Analitica de revista
Language:Spanish
Published: Santiago, Chile Universidad de Chile, Facultad de Derecho 2009

MARC

LEADER 00000cab a2200000 a 4500
001 030093
003 UAHC_CL
005 20170803123152.0
008 091228s2009 cl f 000 spa
040 |a UAHC_CL  |c UAHC_CL  |d UAHC_CL 
100 1 |a Collazos Velasco, María Dolores 
245 1 3 |a La correlación funcional y el stare decisis como alternativas para legitimidad del control constitucional en democracias disfuncionales /  |c María Dolores Collazos Velasco. 
260 |b Universidad de Chile, Facultad de Derecho  |c 2009  |a Santiago, Chile 
300 |a p. 213-230 
500 |a En: Revista Derecho y Humanidades, no. 15, 2009. pp. 213-230. ISSN: 0716-9825. 
520 |a Por dificultad contra mayoritaria se entiende el problema que suscita que en un sistema democrático las leyes, como decisiones tomadas por el Congreso y respaldadas por las mayorías. puedan ser declaradas enexequibles por el Tribunal Constitucional, siendo esta una minoria no electa, en ejercicio del control constitucional. 
520 |a Por dificultad contra mayoritaria se entiende el problema que suscita que en un sistema democrático las leyes, como decisiones tomadas por el Congreso y respaldadas por las mayorías. puedan ser declaradas enexequibles por el Tribunal Constitucional, siendo esta una minoria no electa, en ejercicio del control constitucional. 
759 |a PP144 
773 0 |t Revista derecho y humanidades  |w 030081 
900 |a DERECHO HUMANIDAD.-15/09 
942 |c REVA 
952 |0 0  |1 0  |4 0  |6 DERECHO_HUMANIDAD_15_09_000000000000000  |7 0  |8 General  |9 58907  |a BC  |b BC  |c General  |d 2017-08-03  |l 0  |o DERECHO HUMANIDAD.-15/09  |p FICTICIO2123  |r 2019-01-08 00:00:00  |t 1  |w 2017-08-03  |y REVA 
999 |c 30093  |d 30093